000 00999nam a22002537a 4500
999 _c63880
_d63880
005 20240530110703.0
008 171225s2014 ua a g b 000 0dara d
017 _a2014/8360
_bمصر. دار الكتب
020 _a9789774488283
040 _aEG-CaGPL
_cEG-CaGPL
082 0 4 _221
_a953.04\
_bم و
100 0 _aمحمد نصر عبدالرحمن
245 1 2 _aالوجود العربى فى الهند فى العصور الوسطى /
_cمحمد نصر عبدالرحمن .
250 _aط.1
260 _aالقاهرة :
_bالهيئة المصرية العامة للكتاب ،
_c2014 .
300 _a221 ص. ؛
_c24 سم.
490 0 _aسلسلة تاريخ العرب ؛
_v2
504 _aببليوجرافية : ص 197 - 219
650 0 7 _2qrmak
_aالاسلام
_yالهند
651 0 7 _2qrmak
_aالهند
_xتاريخ
_yالعصر الاسلامى
651 0 7 _2qrmak
_aالهند فى الاسلام
942 _2ddc
_cBK